| 000 | 00494nam a2200181Ia 4500 | ||
|---|---|---|---|
| 008 | 220531s9999 xx 000 0 und d | ||
| 041 | _aeng | ||
| 082 | _bRES / JAD | ||
| 100 |
_aJadhavar, S. U. and Others _974156 |
||
| 245 | _aResearch Methodology, (Sem-III) | ||
| 250 | _a1ST | ||
| 260 |
_aPune _bSuccess _c2014 |
||
| 300 | _a4.34 | ||
| 542 | _d09-10-2018 | ||
| 650 |
_aResearch Methodology _974157 |
||
| 906 |
_cM.Com-II _d2018-2019 _eElantas Beck Co. _f15384 |
||
| 999 |
_c41307 _d41307 |
||